000
00219nam a22000977a 4500
082
_a
621.381 ELE'C
245
_a
ELECTRONIC POWERS SUPPLIES
260
_a
USA
_b
US DEPARTMENT OF ARMY
_c
1951
300
_a
103P
942
_c
BK
999
_c
582537
_d
582537